Buenos Aires: ciudad, campo, pueblo
Wedi'i Gadw mewn:
| Prif Awdur: | |
|---|---|
| Fformat: | Llyfr |
| Iaith: | Sbaeneg |
| Cyhoeddwyd: |
Buenos Aires
Guillermo Kraft
1941
|
| Pynciau: | |
| Tagiau: |
Ychwanegu Tag
Dim Tagiau, Byddwch y cyntaf i dagio'r cofnod hwn!
|
MARC
| LEADER | 00000cam a2200000 a 4500 | ||
|---|---|---|---|
| 001 | UCF5908 | ||
| 003 | CL-VaPUC | ||
| 008 | 130404e19410000AG |||||||||||||||||spa|d | ||
| 082 | 0 | 4 | |a Ar861 |b MOR |2 21 |
| 100 | 0 | |a Fernández Moreno, Baldomero |e author |9 376652 | |
| 245 | 1 | 0 | |a Buenos Aires: ciudad, campo, pueblo |
| 300 | |a 116 p | ||
| 942 | |c BK | ||
| 945 | |d 20130404 00:00:00 |a dcastane | ||
| 260 | |a Buenos Aires |b Guillermo Kraft |c 1941 | ||
| 650 | 0 | |a Poesía argentina |9 265575 | |
| 650 | 0 | |a Literatura argentina |9 320596 | |
| 583 | |a last modification |c 20130404 09:53:00 |k Rodrigo Vera | ||
| 999 | |c 351301 |d 351299 | ||
| 952 | |0 0 |1 0 |4 0 |6 AR_861_000000000000000_MOR_1941 |7 0 |8 P |9 455334 |a BIBEDU |b BIBEDU |c BIBEDU_PB |d 2019-11-22 |i 4957598 |o Ar861 MOR 1941 |p 4957598 |r 2024-01-25 |w 2019-11-22 |y BK |k LIT | ||